| 000 | 01577nam a22002057a 4500 | ||
|---|---|---|---|
| 005 | 20250506112206.0 | ||
| 008 | 241212b ||||| |||| 00| 0 eng d | ||
| 020 | _a9780749953867 | ||
| 040 | _cAL | ||
| 041 | _aEnglish | ||
| 082 |
_223 _a306 _bDODE |
||
| 100 |
_aCelia Dodd _9209429 |
||
| 245 |
_aEmpty Nest _b:Your Changing family your New Direction |
||
| 260 |
_aLondon _bLittle Brown Book Group _c2020 |
||
| 300 |
_a248 p. _bPB _c13x15 cm. |
||
| 365 |
_aIN-49116 _b₹2260.00 _c₹ _d1444.41 _f14-11-2024 |
||
| 520 | _aMore than half a million parents confront the empty nest for the first time each year. It is one of the most challenging phases of parenting, often creating feelings of loss, lack of purpose and crisis of identity which can lead to depression. Yet it receives little recognition. And contrary to popular opinion it doesn't only affect women who've put their careers on hold: working mothers and fathers suffer too. Equally, it can be a period of liberation and discovery of new challenges, when marriages long overstressed by childcare can be rejuvenated. The Empty Nest includes case studies documenting a wide range of experiences of parents living through an empty nest; expert comment and advice; plenty of practical ideas, inspiration and tips. This encouraging, empowering books helps you to focus on the positive as well as how to handle the changing relationship with your children to ensure a fulfilling and good relationship going forward, an area of parenting often ignored. | ||
| 650 |
_aFamily & Relationships _9190237 |
||
| 942 |
_2ddc _cBK |
||
| 999 |
_c232681 _d232681 |
||